000 02174cam a2200589 i 4500
001 20666
003 KOSZ 005
005 20250623103307.0
008 250529s1980 pl a g 000 0 pol
015 _aUWD 1980/5823
035 _a991013423059705066
035 _a(PL-WaBN)b13617345-48omnis_nlop
035 _ab13617345
035 _a(OCoLC)830954860
035 _a(PL)b0000001361734
035 _a(EXLNZ-48OMNIS_NETWORK)9910358074405606
040 _aWA N
_cWA N
_dKOSZ 005/RW
045 _bd1919
_bd1939
046 _k1979
080 _a94(438).081
080 _a94(438).082
080 _a94(438).082.1
245 0 0 _aLudność cywilna Kłecka w obronie Ziemi Gnieźnieńskiej :
_bstudia z historii Ziemi Gnieźnieńskiej w latach 1919-1939 : praca zbiorowa /
_cpod redakcją Bogusława Polaka.
246 1 4 _aObrona Kłecka 1939
260 _aPoznań :
_bKrajowa Agencja Wydawnicza,
_c1980.
300 _a205, [3] stron :
_bilustracje, mapy, portrety, tabele ;
_c21 cm.
336 _aTekst
_btxt
_2rdacontent
337 _aBez urządzenia pośredniczącego
_bn
_2rdamedia
338 _aWolumin
_bnc
_2rdacarrier
380 _aKsiążki
380 _aPublikacje naukowe
388 1 _a1901-2000
388 1 _a1945-1989
504 _aBibliografia na stronach 201-[206].
648 7 _a1901-2000
_2DBN
648 7 _a1918-1939
_2DBN
648 7 _a1939-1945
_2DBN
650 7 _aII wojna światowa (1939-1945)
_2DBN
650 7 _aKampania wrześniowa (1939)
_2DBN
650 7 _aLudność cywilna
_2DBN
650 7 _aObrona Kłecka (1939)
_2DBN
650 7 _aPowstanie wielkopolskie (1918-1919)
_2DBN
651 7 _aKłecko (woj. wielkopolskie, pow. gnieźnieński, gm. Kłecko ; okolice)
_2DBN
655 7 _aPraca zbiorowa
658 _aBezpieczeństwo i wojskowość
658 _aHistoria
700 1 _aPolak, Bogusław
_d(1945- )
_eRedakcja
710 2 _aKrajowa Agencja Wydawnicza
_4pbl
856 _uhttps://koha.tu.koszalin.pl/cgi-bin/koha/opac-detail.pl?biblionumber=20666
_yKatalog online BPK
942 _2UKD
_cKS
999 _c20666
_d20666